O hmotném zabezpečení a dávkách nemocenského pojištění žáků středních škol a studentů vysokých škol /

Main Author: Bělina, Miroslav, 1950-
Other Authors: Zemanová, Jana, 1940-
Language: Czech
Published: Praha : Práce, 1983
Edition: 1. vyd.
Physical Description: 117 s.
Book
Saved in:
LEADER 01390nam a22003492a 4500
001 000078850
003 CZ BrMZK
005 20080421094143.0
007 ta
008 960707s1983 xr f cze d
015 |a cnb000004245 
035 |a (OCoLC)13094276 
040 |a BOA001  |b cze 
080 9 |a 371.217 
080 9 |a 378.17 
100 1 |a Bělina, Miroslav,  |d 1950-  |7 jn19981228060  |4 aut 
245 1 0 |a O hmotném zabezpečení a dávkách nemocenského pojištění žáků středních škol a studentů vysokých škol /  |c Miroslav Bělina, Jana Zemanová 
250 |a 1. vyd. 
260 |a Praha :  |b Práce,  |c 1983 
300 |a 117 s. 
700 1 |a Zemanová, Jana,  |d 1940-  |7 jk01152517  |4 aut 
910 |a BOA001  |b PK-A-0018.196  |b 1-0863.269 
920 |a 000098196 
964 |a Žáci škol středních - pojištění nemocenské 
964 |a Žáci škol středních - zabezpečení hmotné 
964 |a Studenti škol vysokých - pojištění nemocenské 
964 |a Studenti škol vysokých - zabezpečení hmotné 
990 |a BK 
089 a |3 62.76 
996 6 |b 2619987258  |c 1-0863.269  |l MZK  |r Sklad / do 1 hodiny  |n 0  |w 000078850  |u 000030  |a 1  |e BOA001  |j MZK50  |s P 
996 7 |b 3119967127  |c PK-A-0018.196  |l MZK  |r Sklad / do 1 hodiny  |n 0  |w 000078850  |u 000010  |a 1  |e BOA001  |j MZK50  |s A 
996 7 |b 3119967128  |c PK-A-0018.196  |l MZK  |r Sklad / do 1 hodiny  |n 0  |w 000078850  |u 000020  |a 1  |e BOA001  |j MZK50  |s A